[Event "Chess Siberia A"]
[Site "Novosibirsk"]
[Date "2017.06.29"]
[Round "8"]
[White "Permiakov, Vladimir"]
[Black "Kononov, Alexander"]
[Result "1-0"]
[WhiteElo "2326"]
[BlackElo "2244"]
[PlyCount "101"]
[EventDate "2017.06.24"]
[EventType "tourn"]
[EventRounds "9"]
[EventCountry "RUS"]
[EventCategory "1"]
[SourceTitle "EXT 2018"]
[Source "ChessBase"]
[SourceDate "2017.10.13"]
[SourceVersion "1"]
[SourceVersionDate "2017.10.13"]
[SourceQuality "1"]

1. c4 e5 2. Nc3 Nc6 3. Nf3 f5 4. g3 Nf6 5. Bg2 d6 6. d4 e4 7. Ng5 h6 8. Nh3 g5 9. d5 Ne5 10. f3 exf3 11. exf3 Ng6 12. 0-0 Bg7 13. Re1+ Kf7 14. Nb5 Re8 15. Be3 Bd7 16. Bd4 Bxb5 17. cxb5 Rxe1+ 18. Qxe1 Nxd5 19. Bxg7 Kxg7 20. f4 c6 21. fxg5 hxg5 22. bxc6 bxc6 23. Rc1 Qb6+ 24. Kh1 Kf6 25. Bxd5 cxd5 26. Qd2 Rf8 27. Qxg5+ Kf7 28. Rf1 Qd8 29. Rxf5+ Kg7 30. Qxd8 Rxd8 31. Rxd5 Ne7 32. Rd2 Kf6 33. Nf4 d5 34. Kg2 d4 35. Kf3 Nc6 36. Ke4 Re8+ 37. Kd5 Nb4+ 38. Kxd4 Rd8+ 39. Ke3 Re8+ 40. Kf3 Nxa2 41. Rd6+ Kf5 42. g4+ Ke5 43. Rd5+ Kf6 44. g5+ Kg7 45. Ra5 Nc1 46. Rxa7+ Kg8 47. h4 Rb8 48. h5 Nb3 49. h6 Nd4+ 50. Kg4 Nc6 51. h7+ 1-0

[Event "Chess Siberia A"]
[Site "Novosibirsk"]
[Date "2017.06.25"]
[Round "2"]
[White "Permiakov, Vladimir"]
[Black "Antonenko, Vladimir Georgievic"]
[Result "1/2-1/2"]
[WhiteElo "2326"]
[BlackElo "2303"]
[PlyCount "132"]
[EventDate "2017.06.24"]
[EventType "tourn"]
[EventRounds "9"]
[EventCountry "RUS"]
[EventCategory "1"]
[SourceTitle "EXT 2018"]
[Source "ChessBase"]
[SourceDate "2017.10.13"]
[SourceVersion "1"]
[SourceVersionDate "2017.10.13"]
[SourceQuality "1"]

1. c4 f5 2. Nf3 Nf6 3. g3 g6 4. Bg2 Bg7 5. d4 0-0 6. 0-0 d6 7. b3 c6 8. Bb2 Na6 9. Nbd2 e5 10. dxe5 Ng4 11. Qc2 Nxe5 12. Rad1 Qe7 13. Ba3 Nc5 14. Nb1 Ng4 15. Bb2 Nf6 16. Nc3 Be6 17. Ng5 Bd7 18. Qd2 Ne8 19. b4 Ne6 20. Nxe6 Bxe6 21. b5 Rc8 22. Qe3 Qf7 23. bxc6 bxc6 24. c5 d5 25. Na4 Nf6 26. Bd4 Rb8 27. Rb1 Ng4 28. Qf4 Rbd8 29. Nb2 Bc8 30. Bxg7 Qxg7 31. h3 Ne5 32. Qa4 Qc7 33. f4 Nf7 34. Nd3 Rfe8 35. Bf3 Re6 36. Rb2 g5 37. Bh5 d4 38. Qc4 gxf4 39. gxf4 Kh8 40. Kh2 Re7 41. Bxf7 Rxf7 42. Ne5 Rg7 43. Rg1 Rxg1 44. Kxg1 Kg7 45. Rb3 Kf6 46. Qa4 Be6 47. Rg3 Rd5 48. Qxc6 Qxc6 49. Nxc6 Rxc5 50. Nxd4 Bd5 51. Ra3 a5 52. Kf2 Bf7 53. Nb3 Bxb3 54. Rxb3 Ke6 55. Rb7 Rc4 56. Kf3 Ra4 57. Rxh7 Rxa2 58. Rh6+ Kf7 59. Ra6 a4 60. h4 a3 61. e4 fxe4+ 62. Kxe4 Rh2 63. Rxa3 Rxh4 64. Ke5 Rh6 65. Ra7+ Kf8 66. f5 Rb6 1/2-1/2

[Event "Novosibirsk Sukharev Memorial op"]
[Site "Novosibirsk"]
[Date "2010.07.26"]
[Round "9"]
[White "Permiakov, Vladimir"]
[Black "Sukhanov, Dmitry"]
[Result "0-1"]
[WhiteElo "2341"]
[BlackElo "2150"]
[PlyCount "28"]
[EventDate "2010.07.18"]
[EventType "swiss"]
[EventRounds "9"]
[EventCountry "RUS"]
[SourceTitle "EXT 2011"]
[Source "ChessBase"]
[SourceDate "2010.11.26"]
[SourceVersion "1"]
[SourceVersionDate "2010.11.26"]
[SourceQuality "1"]

1. c4 e5 2. Nc3 Bb4 3. Nd5 Be7 4. d4 d6 5. g3 Nf6 6. Nc3 exd4 7. Qxd4 Nc6 8. Qd1 Be6 9. e4 0-0 10. h3 Re8 11. b3 d5 12. Nxd5 Bxd5 13. cxd5 Bb4+ 14. Ke2 Rxe4+ 0-1

[Event "Novosibirsk Sukharev Memorial op"]
[Site "Novosibirsk"]
[Date "2010.07.25"]
[Round "8"]
[White "Korobkin, Maxim"]
[Black "Permiakov, Vladimir"]
[Result "1/2-1/2"]
[WhiteElo "2315"]
[BlackElo "2341"]
[PlyCount "20"]
[EventDate "2010.07.18"]
[EventType "swiss"]
[EventRounds "9"]
[EventCountry "RUS"]
[SourceTitle "EXT 2011"]
[Source "ChessBase"]
[SourceDate "2010.11.26"]
[SourceVersion "1"]
[SourceVersionDate "2010.11.26"]
[SourceQuality "1"]

1. d4 Nf6 2. c4 c5 3. d5 b5 4. Nd2 bxc4 5. e4 c3 6. bxc3 g6 7. c4 d6 8. Bb2 Bg7 9. Bd3 0-0 10. h3 e5 1/2-1/2

[Event "Novosibirsk Sukharev Memorial op"]
[Site "Novosibirsk"]
[Date "2010.07.22"]
[Round "6"]
[White "Beletsky, Alexey"]
[Black "Permiakov, Vladimir"]
[Result "1/2-1/2"]
[WhiteElo "2320"]
[BlackElo "2341"]
[PlyCount "36"]
[EventDate "2010.07.18"]
[EventType "swiss"]
[EventRounds "9"]
[EventCountry "RUS"]
[SourceTitle "EXT 2011"]
[Source "ChessBase"]
[SourceDate "2010.11.26"]
[SourceVersion "1"]
[SourceVersionDate "2010.11.26"]
[SourceQuality "1"]

1. e4 g6 2. d4 Bg7 3. Nc3 c5 4. d5 d6 5. Nf3 a6 6. a4 Nf6 7. Be2 0-0 8. 0-0 e6 9. Re1 exd5 10. exd5 Bg4 11. h3 Bxf3 12. Bxf3 Nbd7 13. Bf4 Qb6 14. Qd2 Rfe8 15. Nd1 Ne5 16. Be2 Ne4 17. Qe3 Nf6 18. Qd2 Ne4 1/2-1/2

[Event "Novosibirsk Sukharev Memorial op"]
[Site "Novosibirsk"]
[Date "2010.07.21"]
[Round "4"]
[White "Garder, Igor"]
[Black "Permiakov, Vladimir"]
[Result "0-1"]
[WhiteElo "2229"]
[BlackElo "2341"]
[PlyCount "86"]
[EventDate "2010.07.18"]
[EventType "swiss"]
[EventRounds "9"]
[EventCountry "RUS"]
[SourceTitle "EXT 2011"]
[Source "ChessBase"]
[SourceDate "2010.11.26"]
[SourceVersion "1"]
[SourceVersionDate "2010.11.26"]
[SourceQuality "1"]

1. d4 g6 2. Nf3 Bg7 3. e4 c5 4. d5 d6 5. Be2 Nf6 6. Nc3 0-0 7. 0-0 e6 8. Bg5 h6 9. Bh4 exd5 10. exd5 a6 11. a4 g5 12. Bg3 Nh5 13. Nd2 Nxg3 14. hxg3 Nd7 15. Ra3 f5 16. Nc4 Ne5 17. Nxe5 Bxe5 18. Bd3 Bd7 19. a5 Rc8 20. Bc4 Rc7 21. Rb3 Bc8 22. Qh5 Bg7 23. Na4 Bd7 24. Nb6 Be8 25. Qd1 Bd4 26. Qc1 Rcf7 27. c3 Bg7 28. Be2 g4 29. Re1 h5 30. Nc4 f4 31. Rb6 fxg3 32. fxg3 Rf6 33. Rxb7 h4 34. Bxg4 hxg3 35. Ree7 Bh6 36. Qe1 Bg6 37. Re6 Bd3 38. Be2 Rxe6 39. Qxg3+ Rg6 40. Qxd3 Qg5 41. Qe4 Qc1+ 42. Kh2 Bf4+ 43. g3 Rh6+ 0-1

[Event "Novosibirsk Sukharev Memorial op"]
[Site "Novosibirsk"]
[Date "2010.07.20"]
[Round "3"]
[White "Permiakov, Vladimir"]
[Black "Kezin, Roman"]
[Result "1/2-1/2"]
[WhiteElo "2341"]
[BlackElo "2292"]
[PlyCount "39"]
[EventDate "2010.07.18"]
[EventType "swiss"]
[EventRounds "9"]
[EventCountry "RUS"]
[SourceTitle "EXT 2011"]
[Source "ChessBase"]
[SourceDate "2010.11.26"]
[SourceVersion "1"]
[SourceVersionDate "2010.11.26"]
[SourceQuality "1"]

1. c4 e6 2. Nf3 d5 3. b3 Nf6 4. g3 Be7 5. Bg2 0-0 6. 0-0 c5 7. cxd5 Nxd5 8. Bb2 Nc6 9. Na3 b6 10. Nc4 Bb7 11. d4 cxd4 12. Nxd4 Nxd4 13. Qxd4 Bf6 14. Qd2 Bxb2 15. Qxb2 Qe7 16. Rfd1 Rfd8 17. Rd2 Nf6 18. Bxb7 Rxd2 19. Qxd2 Rd8 20. Qc2 1/2-1/2

[Event "Novosibirsk Siberia-A"]
[Site "Novosibirsk"]
[Date "2009.07.19"]
[Round "2"]
[White "Karpov, Alexander"]
[Black "Permiakov, Vladimir"]
[Result "1/2-1/2"]
[WhiteElo "2362"]
[BlackElo "2344"]
[PlyCount "34"]
[EventDate "2009.07.18"]
[EventType "tourn"]
[EventRounds "9"]
[EventCountry "RUS"]
[SourceTitle "EXT 2021"]
[Source "ChessBase"]
[SourceDate "2020.10.23"]
[SourceVersion "1"]
[SourceVersionDate "2020.10.23"]
[SourceQuality "1"]

1. e4 c5 2. Nc3 Nc6 3. g3 g6 4. Bg2 Bg7 5. d3 d6 6. f4 e6 7. Nf3 Nge7 8. Be3 Nd4 9. 0-0 0-0 10. Qd2 Rb8 11. Nd1 b5 12. c3 Nxf3+ 13. Bxf3 b4 14. Nf2 Ba6 15. Rfc1 bxc3 16. bxc3 Qc7 17. d4 Rfc8 1/2-1/2

[Event "Sukhumi op"]
[Site "Sukhumi"]
[Date "2008.08.12"]
[Round "9"]
[White "Permiakov, Vladimir"]
[Black "Pushkov, Nikolai"]
[Result "0-1"]
[WhiteElo "2339"]
[BlackElo "2514"]
[PlyCount "87"]
[EventDate "2008.08.03"]
[EventType "swiss"]
[EventRounds "9"]
[EventCountry "GEO"]
[SourceTitle "CBM 126 Extra"]
[Source "ChessBase"]
[SourceDate "2008.11.05"]
[SourceVersion "1"]
[SourceVersionDate "2008.11.05"]
[SourceQuality "1"]

1. c4 e6 2. g3 d5 3. Bg2 Nf6 4. Nf3 Be7 5. 0-0 0-0 6. b3 c5 7. cxd5 exd5 8. d4 b6 9. Bb2 Bb7 10. Nc3 Nbd7 11. Rc1 Re8 12. Qd3 Rc8 13. Bh3 c4 14. Qb1 Bd6 15. Rfe1 a6 16. bxc4 Rxc4 17. Bf5 b5 18. Bd3 Rc8 19. Nd2 Nb6 20. e4 dxe4 21. Ncxe4 Rxc1 22. Qxc1 Nxe4 23. Bxe4 Bxe4 24. Rxe4 f5 25. Rxe8+ Qxe8 26. Qc2 Qd7 27. Nb3 Nc4 28. Bc3 Qf7 29. Qe2 Qe7 30. Qf3 Qe4 31. Qxe4 fxe4 32. Kf1 Kf7 33. Ke2 b4 34. Ba1 a5 35. d5 a4 36. Nc1 Be7 37. h4 Bf6 38. Bxf6 Kxf6 39. f3 exf3+ 40. Kxf3 b3 41. axb3 Nd2+ 42. Ke3 Nxb3 43. Na2 Ke5 44. Kd3 0-1

[Event "Sukhumi op"]
[Site "Sukhumi"]
[Date "2008.08.07"]
[Round "5"]
[White "Taysayev, Timur"]
[Black "Permiakov, Vladimir"]
[Result "1/2-1/2"]
[WhiteElo "2164"]
[BlackElo "2339"]
[PlyCount "28"]
[EventDate "2008.08.03"]
[EventType "swiss"]
[EventRounds "9"]
[EventCountry "GEO"]
[SourceTitle "CBM 126 Extra"]
[Source "ChessBase"]
[SourceDate "2008.11.05"]
[SourceVersion "1"]
[SourceVersionDate "2008.11.05"]
[SourceQuality "1"]

1. e4 c5 2. Nf3 Nc6 3. d4 cxd4 4. Nxd4 g6 5. c4 Nf6 6. Nc3 d6 7. Nc2 Bg7 8. Be2 Nd7 9. Bd2 a5 10. 0-0 Nc5 11. b3 0-0 12. f3 f5 13. exf5 Bxf5 14. Ne3 Nd4 1/2-1/2

[Event "Sukhumi op"]
[Site "Sukhumi"]
[Date "2008.08.05"]
[Round "4"]
[White "Permiakov, Vladimir"]
[Black "Zhukov, Viktor Andreevich"]
[Result "1-0"]
[WhiteElo "2339"]
[BlackElo "2220"]
[PlyCount "63"]
[EventDate "2008.08.03"]
[EventType "swiss"]
[EventRounds "9"]
[EventCountry "GEO"]
[SourceTitle "CBM 126 Extra"]
[Source "ChessBase"]
[SourceDate "2008.11.05"]
[SourceVersion "1"]
[SourceVersionDate "2008.11.05"]
[SourceQuality "1"]

1. Nf3 g6 2. c4 Nf6 3. g3 Bg7 4. Bg2 d6 5. Nc3 0-0 6. d4 Nbd7 7. 0-0 e5 8. h3 c6 9. e4 exd4 10. Nxd4 Nc5 11. Bf4 Re8 12. Re1 Nh5 13. Be3 Nf6 14. Qc2 a5 15. Rad1 Qc7 16. f4 Bd7 17. Bf2 Nh5 18. Nb3 Be6 19. Nxc5 dxc5 20. Rd3 Rad8 21. Red1 Rd7 22. Ne2 Red8 23. b3 Bd4 24. Nxd4 cxd4 25. c5 f5 26. exf5 Bxf5 27. Qc4+ Kf8 28. Rxd4 Ng7 29. Rd6 Be6 30. Qc3 Kg8 31. Qe5 Re8 32. Rxd7 1-0

[Event "Sukhumi op"]
[Site "Sukhumi"]
[Date "2008.08.04"]
[Round "2"]
[White "Permiakov, Vladimir"]
[Black "Svinarenko, Pavel"]
[Result "1/2-1/2"]
[WhiteElo "2339"]
[BlackElo "2153"]
[PlyCount "92"]
[EventDate "2008.08.03"]
[EventType "swiss"]
[EventRounds "9"]
[EventCountry "GEO"]
[SourceTitle "CBM 126 Extra"]
[Source "ChessBase"]
[SourceDate "2008.11.05"]
[SourceVersion "1"]
[SourceVersionDate "2008.11.05"]
[SourceQuality "1"]

1. c4 Nf6 2. Nf3 d5 3. cxd5 Nxd5 4. g3 g6 5. Bg2 Bg7 6. d4 Nc6 7. 0-0 0-0 8. Nc3 Nxc3 9. bxc3 Na5 10. Bf4 Be6 11. e4 Bc4 12. Re1 c5 13. Qd2 cxd4 14. cxd4 Ba6 15. Rac1 Nc4 16. Qb4 Rc8 17. Bf1 b5 18. a4 Qb6 19. axb5 Nd6 20. Rb1 Bb7 21. d5 Bc3 22. Qa4 Bxe1 23. Rxe1 f5 24. Bh6 fxe4 25. Qa1 Nf5 26. Bxf8 Rxf8 27. Rxe4 Bxd5 28. Rf4 Rc8 29. g4 Nd6 30. Qe5 e6 31. Ng5 Re8 32. Rf6 Qd8 33. h4 Qd7 34. h5 gxh5 35. gxh5 Qg7 36. Kh2 Rf8 37. Rxf8+ Qxf8 38. f4 Nf7 39. Nxf7 Qxf7 40. Qg5+ Qg7 41. h6 Qxg5 42. fxg5 Be4 43. Bc4 Kf7 44. Kg3 Kg6 45. Kh4 Bf5 46. Be2 Kf7 1/2-1/2

[Event "Siberia Int A"]
[Site "Novosibirsk"]
[Date "2008.07.27"]
[Round "8"]
[White "Permiakov, Vladimir"]
[Black "Giljazitdinov, Eduard"]
[Result "1-0"]
[WhiteElo "2339"]
[BlackElo "2143"]
[PlyCount "61"]
[EventDate "2008.07.20"]
[EventType "tourn"]
[EventRounds "9"]
[EventCountry "RUS"]
[SourceTitle "EXT 2022"]
[Source "ChessBase"]
[SourceDate "2021.10.06"]
[SourceVersion "1"]
[SourceVersionDate "2021.10.06"]
[SourceQuality "1"]

1. Nf3 Nf6 2. d4 g6 3. b3 Bg7 4. Bb2 d6 5. g3 0-0 6. Bg2 Nbd7 7. 0-0 e5 8. dxe5 Ng4 9. c4 Ngxe5 10. Nc3 Nc5 11. Nxe5 Bxe5 12. Qd2 Rb8 13. Nd5 c6 14. Ne3 Qf6 15. Bxe5 dxe5 16. Qa5 Na6 17. c5 b6 18. cxb6 axb6 19. Qc3 Bd7 20. Rad1 Be6 21. Qxc6 Rfc8 22. Nd5 Qd8 23. Qa4 Nc5 24. Qb4 Bxd5 25. Rxd5 Qe7 26. Rfd1 Rd8 27. Qd2 Rdc8 28. b4 Na4 29. Rd7 Qf6 30. Bd5 Nc3 31. Rxf7 1-0

[Event "Siberia Int A"]
[Site "Novosibirsk"]
[Date "2008.07.25"]
[Round "6"]
[White "Permiakov, Vladimir"]
[Black "Novikova, Anna"]
[Result "1-0"]
[WhiteElo "2339"]
[BlackElo "2245"]
[PlyCount "91"]
[EventDate "2008.07.20"]
[EventType "tourn"]
[EventRounds "9"]
[EventCountry "RUS"]
[SourceTitle "EXT 2022"]
[Source "ChessBase"]
[SourceDate "2021.10.06"]
[SourceVersion "1"]
[SourceVersionDate "2021.10.06"]
[SourceQuality "1"]

1. Nf3 d5 2. g3 Nf6 3. Bg2 c6 4. 0-0 Bf5 5. d3 Nbd7 6. c4 dxc4 7. dxc4 e5 8. Nc3 Bc5 9. Nh4 Be6 10. Qc2 0-0 11. b3 Re8 12. Bb2 Qc7 13. Rad1 Rad8 14. Nf3 Bg4 15. Ng5 h6 16. Nge4 Bd4 17. Rd2 Bh5 18. Nxf6+ Nxf6 19. e3 Bg6 20. Qc1 Bxc3 21. Bxc3 Ne4 22. Bxe4 Bxe4 23. f3 Bg6 24. Rfd1 e4 25. f4 Bh5 26. Rxd8 Rxd8 27. Rxd8+ Qxd8 28. Qd2 Qc8 29. c5 f6 30. Qc2 Bf3 31. h4 Qh3 32. Qh2 Qg4 33. Qf2 Be2 34. Qg2 Bd3 35. Qf2 Qd1+ 36. Qe1 Qc2 37. Qd2 Qb1+ 38. Kh2 Kf7 39. g4 Ke6 40. f5+ Kd5 41. g5 hxg5 42. hxg5 fxg5 43. Qg2 Qc2 44. Bxg7 Kxc5 45. Qxc2+ Bxc2 46. f6 1-0

[Event "Soukhumi op"]
[Site "Soukhumi"]
[Date "2007.08.10"]
[Round "7"]
[White "Vorobev, Kirill"]
[Black "Permiakov, Vladimir"]
[Result "0-1"]
[WhiteElo "2061"]
[BlackElo "2336"]
[PlyCount "118"]
[EventDate "2007.08.03"]
[EventType "swiss"]
[EventRounds "9"]
[EventCountry "RUS"]
[SourceTitle "EXT 2009"]
[Source "ChessBase"]
[SourceDate "2008.11.26"]
[SourceVersion "1"]
[SourceVersionDate "2008.11.26"]
[SourceQuality "1"]

1. d4 Nf6 2. Nf3 c5 3. d5 b5 4. Bg5 Ne4 5. Bh4 g6 6. Qd3 Qa5+ 7. c3 Nd6 8. e4 Bg7 9. Be2 b4 10. 0-0 Ba6 11. Qe3 Bxe2 12. Qxe2 Qb5 13. Qc2 Na6 14. Nbd2 bxc3 15. bxc3 Qa5 16. Rac1 Rb8 17. Bg3 Nc7 18. Ne5 Bxe5 19. Bxe5 f6 20. Bxd6 exd6 21. Nc4 Qa6 22. Qd3 0-0 23. Rc2 Nb5 24. Ne3 Qa4 25. Qc4 Qa5 26. Qd3 Na3 27. Re2 Qa4 28. f4 Kg7 29. Rfe1 Rfe8 30. Ng4 h5 31. Nf2 Qc4 32. Qxc4 Nxc4 33. Nd3 Rb5 34. e5 dxe5 35. fxe5 fxe5 36. Nxe5 Rxe5 37. Rxe5 Nxe5 38. Rxe5 Kf6 39. Re2 c4 40. Re4 Rxd5 41. Rxc4 Rd1+ 42. Kf2 Rd2+ 43. Kf3 Rxa2 44. Rc8 Ra3 45. g4 h4 46. Rc5 g5 47. Rc7 a5 48. Kg2 Ra2+ 49. Kg1 h3 50. Rxd7 Rg2+ 51. Kh1 Rc2 52. Kg1 a4 53. Ra7 Rg2+ 54. Kh1 Ra2 55. Kg1 a3 56. Ra5 Rg2+ 57. Kh1 a2 58. c4 Rb2 59. Kg1 Rb1+ 0-1

[Event "Soukhumi op"]
[Site "Soukhumi"]
[Date "2007.08.07"]
[Round "5"]
[White "Gorozhankina, Julia"]
[Black "Permiakov, Vladimir"]
[Result "0-1"]
[WhiteElo "2001"]
[BlackElo "2336"]
[PlyCount "39"]
[EventDate "2007.08.03"]
[EventType "swiss"]
[EventRounds "9"]
[EventCountry "RUS"]
[SourceTitle "EXT 2009"]
[Source "ChessBase"]
[SourceDate "2008.11.26"]
[SourceVersion "1"]
[SourceVersionDate "2008.11.26"]
[SourceQuality "1"]

1. e4 c5 2. Nf3 g6 3. c4 Bg7 4. d4 Qa5+ 5. Nc3 d6 6. h3 Nf6 7. Bd2 cxd4 8. Nxd4 0-0 9. Nb3 Qd8 10. Be2 b6 11. 0-0 Bb7 12. Bf3 Nbd7 13. Bf4 Rc8 14. Nd2 Ne8 15. Rc1 Nc7 16. Be3 Nc5 17. Qc2 N7e6 18. Nb3 Qd7 19. Nxc5 bxc5 20. Bg4 0-1

[Event "Soukhumi op"]
[Site "Soukhumi"]
[Date "2007.08.06"]
[Round "4"]
[White "Permiakov, Vladimir"]
[Black "Ganizhev, Maxim"]
[Result "1-0"]
[WhiteElo "2336"]
[BlackElo "1943"]
[PlyCount "57"]
[EventDate "2007.08.03"]
[EventType "swiss"]
[EventRounds "9"]
[EventCountry "RUS"]
[SourceTitle "EXT 2009"]
[Source "ChessBase"]
[SourceDate "2008.11.26"]
[SourceVersion "1"]
[SourceVersionDate "2008.11.26"]
[SourceQuality "1"]

1. c4 c5 2. Nf3 Nc6 3. d4 cxd4 4. Nxd4 d5 5. Nc3 Nf6 6. cxd5 Nxd5 7. Nxc6 bxc6 8. Bd2 e5 9. g3 Bd6 10. Bg2 Bb7 11. 0-0 0-0 12. Rc1 Rc8 13. Ne4 Bb8 14. Qc2 Qe7 15. Nc5 Ba8 16. Na6 Qe6 17. e4 Nb6 18. b3 Nd7 19. Nxb8 Rxb8 20. Be3 a6 21. Rfd1 Nf6 22. Qd2 Rb7 23. Qa5 Rb5 24. Qc7 h6 25. Rd8 Ne8 26. Qa7 Bb7 27. Bf1 Qe7 28. Rcd1 Rd5 29. exd5 1-0

[Event "Soukhumi op"]
[Site "Soukhumi"]
[Date "2007.08.03"]
[Round "1"]
[White "Rusov, Valery"]
[Black "Permiakov, Vladimir"]
[Result "1/2-1/2"]
[WhiteElo "2187"]
[BlackElo "2336"]
[PlyCount "67"]
[EventDate "2007.08.03"]
[EventType "swiss"]
[EventRounds "9"]
[EventCountry "RUS"]
[SourceTitle "EXT 2009"]
[Source "ChessBase"]
[SourceDate "2008.11.26"]
[SourceVersion "1"]
[SourceVersionDate "2008.11.26"]
[SourceQuality "1"]

1. e4 c5 2. c3 d5 3. exd5 Qxd5 4. d4 g6 5. Nf3 Bg7 6. Na3 cxd4 7. Nb5 Na6 8. Nfxd4 Nf6 9. Qf3 0-0 10. Qxd5 Nxd5 11. c4 Ndc7 12. Nxc7 Nxc7 13. Be3 Rd8 14. 0-0-0 Ne6 15. Nxe6 Rxd1+ 16. Kxd1 Bxe6 17. b3 Bf5 18. Kc1 a6 19. Be2 Rc8 20. Bf3 b5 21. Bb7 Rc7 22. Bxa6 bxc4 23. Bxc4 Be6 24. Kc2 Bxc4 25. bxc4 Rxc4+ 26. Kb3 Rc3+ 27. Kb4 Rc2 28. Rc1 Rb2+ 29. Ka3 f5 30. Rc7 Re2 31. Bc5 Bf6 32. Kb3 Rb2+ 33. Ka3 Re2 34. Kb3 1/2-1/2

[Event "Novosibirsk Sibiria-B"]
[Site "Novosibirsk"]
[Date "2007.07.28"]
[Round "10"]
[White "Dolgusheva, Izabella"]
[Black "Permiakov, Vladimir"]
[Result "0-1"]
[WhiteElo "2050"]
[BlackElo "2336"]
[PlyCount "76"]
[EventDate "2007.07.20"]
[EventType "tourn"]
[EventRounds "11"]
[EventCountry "RUS"]
[SourceTitle "CBM 119 Extra"]
[Source "ChessBase"]
[SourceDate "2007.09.04"]
[SourceVersion "1"]
[SourceVersionDate "2007.09.04"]
[SourceQuality "1"]

1. d4 Nf6 2. Nf3 c5 3. d5 b5 4. c4 bxc4 5. Nc3 d6 6. Nd2 g6 7. e4 Bg7 8. Nxc4 0-0 9. Bd3 Nfd7 10. 0-0 Nb6 11. Qc2 Na6 12. a3 Nc7 13. Be3 e6 14. Rad1 exd5 15. Nxd5 Ncxd5 16. exd5 Bb7 17. Bf4 Nxc4 18. Bxc4 Qf6 19. Bd2 Bc8 20. Bc3 Qf5 21. Qd2 Re8 22. Rfe1 Bd7 23. Bxg7 Kxg7 24. Qc3+ Qf6 25. Qg3 h5 26. h3 h4 27. Qc3 Rab8 28. Rxe8 Bxe8 29. Qxf6+ Kxf6 30. Re1 Bd7 31. b3 Re8 32. Rc1 a5 33. f3 Kg5 34. Kf2 f5 35. Bd3 Re5 36. Bc4 f4 37. Rc2 Kf6 38. Rb2 Re3 0-1

[Event "Berdsk Maestro op 13th"]
[Site "Berdsk"]
[Date "2007.07.14"]
[Round "7"]
[White "Permiakov, Vladimir"]
[Black "Bocharov, Ivan"]
[Result "1/2-1/2"]
[WhiteElo "2336"]
[BlackElo "2399"]
[PlyCount "72"]
[EventDate "2007.07.08"]
[EventType "swiss"]
[EventRounds "9"]
[EventCountry "RUS"]
[SourceTitle "EXT 2022"]
[Source "ChessBase"]
[SourceDate "2021.10.06"]
[SourceVersion "1"]
[SourceVersionDate "2021.10.06"]
[SourceQuality "1"]

1. c4 f5 2. Nc3 Nf6 3. g3 g6 4. Bg2 Bg7 5. d3 e5 6. e4 d6 7. Nge2 0-0 8. h3 c6 9. 0-0 Be6 10. b3 f4 11. gxf4 Nh5 12. f5 gxf5 13. exf5 Bxf5 14. Ng3 Nf4 15. Nxf5 Rxf5 16. Ne4 h5 17. Bxf4 exf4 18. Rc1 Nd7 19. Bf3 Qh4 20. Kh2 d5 21. cxd5 cxd5 22. Rg1 Ne5 23. Nf6+ Qxf6 24. Bxd5+ Kh8 25. Rc7 Ng4+ 26. hxg4 Qh4+ 27. Kg2 Rb8 28. Kf1 Qh3+ 29. Ke1 f3 30. Rxg7 Kxg7 31. Qa1+ Kh7 32. Be6 Rff8 33. Qe5 Qh4 34. Qe4+ Kh8 35. Qe5+ Kh7 36. Qe4+ Kh8 1/2-1/2

[Event "Berdsk Maestro op 13th"]
[Site "Berdsk"]
[Date "2007.07.11"]
[Round "4"]
[White "Permiakov, Vladimir"]
[Black "Galaktionov, Pavel"]
[Result "1-0"]
[WhiteElo "2336"]
[BlackElo "2166"]
[PlyCount "48"]
[EventDate "2007.07.08"]
[EventType "swiss"]
[EventRounds "9"]
[EventCountry "RUS"]
[SourceTitle "EXT 2022"]
[Source "ChessBase"]
[SourceDate "2021.10.06"]
[SourceVersion "1"]
[SourceVersionDate "2021.10.06"]
[SourceQuality "1"]

1. c4 e5 2. Nc3 Nc6 3. Nf3 Nf6 4. g3 d5 5. cxd5 Nxd5 6. Bg2 Nb6 7. d3 Be6 8. 0-0 Be7 9. Be3 0-0 10. Qc1 f6 11. Re1 Nd4 12. Bxd4 exd4 13. Ne4 a5 14. Nc5 Bd5 15. Qc2 Rf7 16. Rac1 Bf8 17. Na4 c6 18. Nxb6 Qxb6 19. Nd2 Rd8 20. a4 Rfd7 21. Bxd5+ Rxd5 22. Qb3 Qc7 23. Nc4 Bb4 24. e4 Rh5 1-0

[Event "Berdsk Maestro op 13th"]
[Site "Berdsk"]
[Date "2007.07.09"]
[Round "2"]
[White "Permiakov, Vladimir"]
[Black "Bogdanov, Kirill"]
[Result "1-0"]
[WhiteElo "2336"]
[BlackElo "2054"]
[PlyCount "93"]
[EventDate "2007.07.08"]
[EventType "swiss"]
[EventRounds "9"]
[EventCountry "RUS"]
[SourceTitle "EXT 2022"]
[Source "ChessBase"]
[SourceDate "2021.10.06"]
[SourceVersion "1"]
[SourceVersionDate "2021.10.06"]
[SourceQuality "1"]

1. c4 c5 2. Nf3 Nc6 3. g3 g6 4. Bg2 Bg7 5. Nc3 e6 6. a3 Nge7 7. b4 d6 8. Rb1 0-0 9. 0-0 Rb8 10. Na4 cxb4 11. axb4 b5 12. cxb5 Rxb5 13. Nc3 Rxb4 14. Ba3 Rxb1 15. Qxb1 e5 16. Rc1 Bg4 17. Qb7 Bc8 18. Qb5 Bg4 19. Qb7 Bc8 20. Qb5 Bg4 21. Qa4 h5 22. h3 Be6 23. Ng5 Nd4 24. e3 Bd7 25. Qa6 Nb3 26. Rb1 Nc8 27. Nge4 Qa5 28. Qxa5 Nxa5 29. Nxd6 Nxd6 30. Bxd6 Rc8 31. Ra1 Nc6 32. Ra6 Bf8 33. Nd5 Kg7 34. Bxf8+ Kxf8 35. Nf6 Ke7 36. Nxd7 Kxd7 37. Bxc6+ Rxc6 38. Rxa7+ Ke6 39. Ra2 e4 40. Ra4 Ke5 41. Rd4 Ra6 42. Kg2 f5 43. f4+ exf3+ 44. Kxf3 g5 45. h4 g4+ 46. Kf2 Rf6 47. Rd8 1-0

[Event "Sukhumi op"]
[Site "Sukhumi"]
[Date "2006.08.06"]
[Round "3"]
[White "Permiakov, Vladimir"]
[Black "Tihonov, Jurij"]
[Result "1/2-1/2"]
[WhiteElo "2337"]
[BlackElo "2492"]
[PlyCount "60"]
[EventDate "2006.08.04"]
[EventType "swiss"]
[EventRounds "9"]
[EventCountry "GEO"]
[SourceTitle "EXT 2011"]
[Source "ChessBase"]
[SourceDate "2010.11.26"]
[SourceVersion "1"]
[SourceVersionDate "2010.11.26"]
[SourceQuality "1"]

1. c4 g6 2. Nf3 Bg7 3. d4 Nf6 4. g3 d6 5. Bg2 0-0 6. Nc3 c6 7. 0-0 Qa5 8. e4 Bg4 9. h3 Bxf3 10. Bxf3 Nfd7 11. Be3 c5 12. dxc5 Nxc5 13. e5 Nc6 14. exd6 Rfd8 15. Nd5 e6 16. Bd2 Qa4 17. Ne7+ Nxe7 18. dxe7 Rd7 19. Qxa4 Nxa4 20. Bb4 Nxb2 21. Rac1 Re8 22. Ba3 Bf6 23. c5 Rc7 24. c6 b6 25. Be2 Na4 26. Bd6 Rexe7 27. Bxe7 Bxe7 28. Rfd1 Nc5 29. Bf3 Kf8 30. Rc4 Ke8 1/2-1/2